[Event "31.Alpenpokal Oberstdorf op"]
[Site "Tiefenbach (13.01.-21.01)"]
[Date "2005.01.21"]
[Round "9.9"]
[White "Johne, Siegfried"]
[Black "Boeven, Manfred"]
[Result "0-1"]
[WhiteElo "1843"]
[BlackElo "1993"]
[PlyCount "130"]
[EventDate "2005.01.??"]
[Source "ChessOrg"]
[SourceDate "2005.02.28"]

1. e4 c5 2. Nf3 e6 3. d4 cxd4 4. Nxd4 Nf6 5. Nc3 Nc6 6. Be2 Bb4 7. Bg5 Qa5 8.
Bxf6 Bxc3+ 9. bxc3 Qxc3+ 10. Kf1 gxf6 11. Nb5 Qe5 12. g3 a6 13. f4 Qb8 14. Nd6+
Ke7 15. Nc4 b5 16. Rb1 Qc7 17. Ne3 Qa7 18. Qd2 Qd4 19. Rd1 Qxd2 20. Rxd2 Bb7
21. Kf2 d6 22. Rhd1 Rhd8 23. a3 Na5 24. Bd3 Rac8 25. Rb1 d5 26. exd5 Bxd5 27.
Ke2 Bc4 28. Bxc4 Rxd2+ 29. Kxd2 Nxc4+ 30. Nxc4 Rxc4 31. Rb3 f5 32. Re3 f6 33.
h3 h5 34. Kd3 Kd6 35. Kd2 e5 36. Rf3 e4 37. Re3 Kd5 38. c3 Ra4 39. Kc2 Rc4 40.
Kb3 Rc8 41. Kb4 Re8 42. Kb3 Kc5 43. Kc2 Kc4 44. Kb2 a5 45. Kc2 b4 46. axb4 axb4
47. cxb4 Kxb4 48. Kd2 Kc4 49. Ra3 Rb8 50. Ke3 Rb3+ 51. Rxb3 Kxb3 52. g4 fxg4
53. hxg4 hxg4 54. Kxe4 f5+ 55. Kxf5 g3 56. Ke6 g2 57. f5 g1=Q 58. f6 Qe3+ 59.
Kd7 Qd4+ 60. Ke7 Qe5+ 61. Kf7 Kc4 62. Kg6 Qe6 63. Kg7 Qg4+ 64. Kh7 Qf5+ 65. Kg7
Qg5+ 0-1

[Event "31.Alpenpokal Oberstdorf op"]
[Site "Tiefenbach (13.01.-21.01)"]
[Date "2005.01.21"]
[Round "9.12"]
[White "Woell, Josef"]
[Black "Frankenberger, Ralf"]
[Result "1/2-1/2"]
[WhiteElo "1895"]
[BlackElo "1848"]
[PlyCount "76"]
[EventDate "2005.01.??"]
[Source "ChessOrg"]
[SourceDate "2005.02.28"]

1. d4 f5 2. Bg5 g6 3. e3 Bg7 4. Bc4 d5 5. Bb3 Nf6 6. Nd2 Ne4 7. Nxe4 fxe4 8. f4
Qd6 9. c4 Qb4+ 10. Qd2 Qxd2+ 11. Kxd2 dxc4 12. Bxc4 Bf6 13. Bh6 e6 14. Ne2 c5
15. Rac1 cxd4 16. exd4 Nc6 17. Ke3 Bd7 18. a3 Ne7 19. g4 Kf7 20. Bg5 Bc6 21.
Nc3 Nd5+ 22. Nxd5 exd5 23. Bxd5+ Bxd5 24. Rc7+ Ke6 25. f5+ gxf5 26. gxf5+ Kxf5
27. Bxf6 Kxf6 28. Rf1+ Ke6 29. Rcf7 Kd6 30. R1f6+ Be6 31. Kxe4 Rhg8 32. Rxh7
Raf8 33. Rfh6 Rg4+ 34. Ke3 Rff4 35. Rxb7 Re4+ 36. Kf3 Rgf4+ 37. Kg3 Rg4+ (37...
Rf8 38. h3 (38. Rxa7 Rg4+ 39. Kh3 Rf3#) 38... Re3+ 39. Kg2 Kd5 40. Rb4 Rc8 41.
Kf2 Rxh3) 38. Kf3 Rgf4+ 1/2-1/2

[Event "31.Alpenpokal Oberstdorf op"]
[Site "Tiefenbach (13.01.-21.01)"]
[Date "2005.01.21"]
[Round "9.13"]
[White "Rueggeberg, Wilhelm"]
[Black "Krawinkel, Hans-Werner"]
[Result "1/2-1/2"]
[WhiteElo "1805"]
[BlackElo "1676"]
[PlyCount "59"]
[EventDate "2005.01.??"]
[Source "ChessOrg"]
[SourceDate "2005.02.28"]

1. d4 Nf6 2. Nf3 e6 3. c4 d5 4. Nc3 c5 5. e3 Nc6 6. cxd5 Nxd5 7. Be2 Be7 8. O-O
cxd4 9. Nxd4 Nxc3 10. bxc3 Bd7 11. Bf3 O-O 12. Qe2 e5 13. Nxc6 Bxc6 14. Bxc6
bxc6 15. e4 Qa5 16. Bd2 Rfd8 17. Rfd1 Qc7 18. Be3 Qa5 19. Qc4 Qb5 20. Qxb5 cxb5
21. Rd5 Rxd5 22. exd5 f5 23. g3 a6 24. a4 Rd8 25. axb5 axb5 26. Rd1 Kf7 27. f4
Bf6 28. Bb6 Rd7 29. fxe5 Bxe5 30. Ba5 1/2-1/2

[Event "31.Alpenpokal Oberstdorf op"]
[Site "Tiefenbach (13.01.-21.01)"]
[Date "2005.01.21"]
[Round "9.14"]
[White "Borries, Barbara"]
[Black "Hiller, Joachim[42Deidesh]"]
[Result "1-0"]
[WhiteElo "1798"]
[BlackElo "1838"]
[PlyCount "153"]
[EventDate "2005.01.??"]
[Source "ChessOrg"]
[SourceDate "2005.02.28"]

1. e4 e5 2. Nf3 Nc6 3. Bb5 a6 4. Bxc6 dxc6 5. O-O f6 6. d4 exd4 7. Nxd4 c5 8.
Ne2 Bg4 9. f3 Be6 10. Bf4 Qxd1 11. Rxd1 Rd8 12. Nbc3 Bd6 13. Bxd6 Rxd6 14. Nf4
Bf7 15. Ncd5 Kd7 16. a3 Ne7 17. Nxe7 Kxe7 18. Rxd6 cxd6 19. Rd1 Kd7 20. Kf2 Kc6
21. g3 Re8 22. h4 Re5 23. Nd3 Re8 24. Nf4 b5 25. g4 a5 26. Ng2 a4 27. Ne3 g6
28. Kg3 Re5 29. Kf4 h5 30. gxh5 Rxh5 31. Kg3 f5 32. exf5 gxf5 33. c3 Be6 34.
Ng2 Rh8 35. Nf4 Bf7 36. Rh1 Rb8 37. h5 b4 38. h6 bxa3 39. bxa3 d5 40. h7 Rh8
41. Rh6+ Kd7 42. Nd3 c4 43. Nc5+ Ke7 44. Nxa4 Kf8 45. Kf4 Kg7 46. Kg5 Be8 47.
Nb6 d4 48. Nxc4 dxc3 49. Ne3 Rxh7 50. Nxf5+ Kh8 51. Rxh7+ Kxh7 52. Nd4 Ba4 53.
Kf6 c2 54. Ne2 Bb5 55. Nc1 Bc4 56. a4 Kg8 57. Ke5 Kf7 58. Kd4 Ba6 59. Kc3 Bb7
60. f4 Ke6 61. Kxc2 Bc6 62. a5 Kf5 63. Nd3 Ke4 64. a6 Ba8 65. Kc3 Bd5 66. Nc5+
Kxf4 67. Kd4 Ba8 68. Nb7 Kf5 69. Kd5 Kf6 70. Kd6 Kf7 71. Kc7 Ke7 72. Kb8 Kd7
73. Kxa8 Kc7 74. Ka7 Kc8 75. Nc5 Kc7 76. Ne6+ Kc8 77. Kb6 1-0

[Event "31.Alpenpokal Oberstdorf op"]
[Site "Tiefenbach (13.01.-21.01)"]
[Date "2005.01.21"]
[Round "9.15"]
[White "Seyfarth, Rudolf"]
[Black "Gerhards, Walter"]
[Result "1/2-1/2"]
[WhiteElo "1807"]
[BlackElo "1805"]
[PlyCount "45"]
[EventDate "2005.01.??"]
[Source "ChessOrg"]
[SourceDate "2005.02.28"]

1. c4 Nf6 2. Nc3 c5 3. g3 Nc6 4. Bg2 g6 5. e3 Bg7 6. Nge2 O-O 7. d4 cxd4 8.
exd4 d6 9. O-O Bg4 10. h3 Bd7 11. Be3 a6 12. Qd2 Rb8 13. b3 b5 14. cxb5 axb5
15. Rac1 Qa5 16. Bxc6 Bxc6 17. Nd5 Qxd2 18. Nxe7+ Kh8 19. Bxd2 Bd7 20. Nf4 g5
21. Ng2 Ne4 22. Be3 Bxh3 23. Kh2 1/2-1/2

[Event "31.Alpenpokal Oberstdorf op"]
[Site "Tiefenbach (13.01.-21.01)"]
[Date "2005.01.21"]
[Round "9.16"]
[White "Marek, Herbert"]
[Black "Sakowski, Christian"]
[Result "0-1"]
[WhiteElo "1701"]
[BlackElo "1771"]
[PlyCount "76"]
[EventDate "2005.01.??"]
[Source "ChessOrg"]
[SourceDate "2005.02.28"]

1. d4 Nf6 2. c4 g6 3. Nc3 d5 4. e3 Bg7 5. Bd3 O-O 6. Nge2 dxc4 7. Bxc4 c6 8.
O-O Nbd7 9. e4 Nb6 10. Bd3 Re8 11. e5 Nfd5 12. Bg5 Be6 13. Ne4 Bf5 14. N2g3
Bxe4 15. Nxe4 Qc7 16. Qd2 f5 17. Ng3 e6 18. h4 h5 19. a3 a5 20. Rac1 a4 21. Be2
Kh7 22. f3 Qd7 23. Nh1 Bf8 24. g4 hxg4 25. fxg4 Be7 26. Ng3 Bxg5 27. Qxg5 Qe7
28. Qxe7+ Nxe7 29. h5 Nbd5 30. hxg6+ Kxg6 31. gxf5+ Nxf5 32. Bh5+ Kh6 33. Nxf5+
exf5 34. Rxf5 $4 Rg8+ 35. Kf2 Rg2+ 36. Kf3 Rag8 37. Rh1 R8g3+ 38. Ke4 Re3# 0-1

[Event "31.Alpenpokal Oberstdorf op"]
[Site "Tiefenbach (13.01.-21.01)"]
[Date "2005.01.21"]
[Round "9.17"]
[White "Poffers, Rieke"]
[Black "Reinke, Kurt[39Benrath]"]
[Result "1/2-1/2"]
[WhiteElo "1799"]
[BlackElo "1832"]
[PlyCount "67"]
[EventDate "2005.01.??"]
[Source "ChessOrg"]
[SourceDate "2005.02.28"]

1. e4 c5 2. Nf3 d6 3. d4 cxd4 4. Qxd4 a6 5. Be3 Nd7 6. Nc3 e5 7. Qd2 Ngf6 8.
Bc4 Be7 9. Rd1 O-O 10. O-O b6 11. Bd5 Rb8 12. Qe2 Qc7 13. Bg5 b5 14. Bb3 Bb7
15. Nd5 Bxd5 16. Bxd5 Rbc8 17. c3 Nxd5 18. Rxd5 Nf6 19. Bxf6 Bxf6 20. a3 Be7
21. Nd2 f5 22. f3 f4 23. Rd1 Bh4 24. Kf1 Rf6 25. Nb3 Rh6 26. Nc1 Qb6 27. Nd3
Bg3 28. h3 Rf8 29. Nf2 Bh4 30. R1d2 Re6 31. Qd1 h5 32. Qb3 Kh7 33. a4 Rg6 34.
axb5 1/2-1/2

[Event "31.Alpenpokal Oberstdorf op"]
[Site "Tiefenbach (13.01.-21.01)"]
[Date "2005.01.21"]
[Round "9.18"]
[White "Tauscher, Max"]
[Black "Josting, Friedel"]
[Result "0-1"]
[WhiteElo "1671"]
[BlackElo "1869"]
[PlyCount "122"]
[EventDate "2005.01.??"]
[Source "ChessOrg"]
[SourceDate "2005.02.28"]

1. e4 c5 2. Nf3 e6 3. d4 cxd4 4. Nxd4 a6 5. a3 Qc7 6. Nc3 Nc6 7. Nb3 Be7 8. Be2
d6 9. O-O Nf6 10. Bf4 O-O 11. Qd3 h6 12. Qg3 Kh8 13. Rad1 e5 14. Be3 Be6 15. f4
Rac8 16. h3 b5 17. Qf3 Na5 18. Nxa5 Qxa5 19. Rd2 Bc4 20. Rfd1 b4 21. Nd5 Bxd5
22. exd5 Nd7 23. axb4 Qxb4 24. Bxa6 Rc7 25. c3 Qa4 26. Bd3 f5 27. Qe2 Rb7 28.
b4 Qa8 29. Ra2 Qd8 30. Kh2 exf4 31. Bxf4 g5 32. Be3 Bf6 33. Rc2 Be5+ 34. Kh1
Qf6 35. Bd2 Nb6 36. Rf1 f4 37. Qe4 Rg7 38. Be2 Qf7 39. c4 h5 40. c5 Nc8 41.
cxd6 Qf6 42. Bxh5 Nxd6 43. Qf3 Nf5 44. Rc6 Bd6 45. Bc3 Qe7 46. Bxg7+ Qxg7 47.
Rxd6 Nxd6 48. Bg4 Qe5 49. Be6 Ne4 50. Qh5+ Kg7 51. Qf3 Ng3+ 52. Kg1 Nxf1 53.
Kxf1 Ra8 54. Qe2 Ra1+ 55. Kf2 Qd4+ (55... Qc3 $3) 56. Kf3 Qc3+ 57. Kg4 Kf6 58.
Kh5 Ra8 59. Qf2 Rh8+ 60. Kg4 Rh4+ 61. Qxh4 gxh4 0-1

[Event "31.Alpenpokal Oberstdorf op"]
[Site "Tiefenbach (13.01.-21.01)"]
[Date "2005.01.21"]
[Round "9.20"]
[White "Herzog, Manfred[60Sulzfeld]"]
[Black "Emser, Heinrich"]
[Result "1/2-1/2"]
[WhiteElo "1756"]
[BlackElo "1685"]
[PlyCount "99"]
[EventDate "2005.01.??"]
[Source "ChessOrg"]
[SourceDate "2005.02.28"]

1. d4 d5 2. c4 c6 3. Nf3 Nf6 4. cxd5 cxd5 5. Bf4 e6 6. Bxb8 Rxb8 7. Qa4+ Bd7 8.
Qxa7 Bb4+ 9. Nbd2 Bc6 10. Ne5 Bxd2+ 11. Kxd2 Ne4+ 12. Ke1 Ra8 13. Nxc6 bxc6 14.
Qb7 O-O 15. f3 Qh4+ 16. g3 Nxg3 17. hxg3 Qxh1 18. Kf2 Rab8 19. Qxc6 Rxb2 20. a4
h5 21. Qc3 Rfb8 22. a5 Rb1 23. Rxb1 Rxb1 24. Qc8+ Kh7 25. Qc2+ g6 26. Qxb1 h4
27. gxh4 Qxh4+ 28. Kg2 Qg5+ 29. Kf2 Qh4+ 30. Kg1 Qxd4+ 31. Kg2 Qe3 32. Qb6 d4
33. Qd8 Qe5 34. a6 f6 35. Qe7+ Kh6 36. Qf8+ Kh7 37. Qe7+ Kh6 38. Qa3 Qg5+ 39.
Kf2 Qh4+ 40. Kg1 Qg3+ 41. Bg2 Qe1+ 42. Kh2 Qh4+ 43. Bh3 Qf2+ 44. Kh1 Qe1+ 45.
Kh2 Qxe2+ 46. Bg2 Qe5+ {
und remis gegeben.Man kann auch noch ein etwas versuchen} 47. f4 $3 Qxf4+ (
47... Qh5+ 48. Qh3) 48. Qg3 Qf5 49. a7 Qh5+ 50. Qh3 1/2-1/2

[Event "31.Alpenpokal Oberstdorf op"]
[Site "Tiefenbach (13.01.-21.01)"]
[Date "2005.01.21"]
[Round "9.22"]
[White "Ludwig, Karl-Heinz,Prof.Dr."]
[Black "Poffers, Gerrit"]
[Result "0-1"]
[WhiteElo "1190"]
[BlackElo "1443"]
[PlyCount "51"]
[EventDate "2005.01.??"]
[Source "ChessOrg"]
[SourceDate "2005.02.28"]

1. f4 c5 2. e4 d6 3. Nf3 Nc6 4. c3 Nf6 5. d3 g6 6. c4 Bg7 7. Be2 O-O 8. O-O Qc7
9. Nc3 a6 10. Be3 Ng4 11. Bd2 Nf6 12. a3 Ne8 13. Nh4 e6 14. Qb3 Nd4 15. Qd1
Nxe2+ 16. Qxe2 b6 17. Qf3 Bb7 18. Qg3 Rc8 19. f5 exf5 20. exf5 Nf6 21. fxg6
fxg6 22. Rf2 Nh5 23. Rxf8+ Rxf8 24. Qe3 Bd4 25. Nd5 Bxd5 26. cxd5 0-1

[Event "31.Alpenpokal Oberstdorf op"]
[Site "Tiefenbach (13.01.-21.01)"]
[Date "2005.01.21"]
[Round "9.23"]
[White "Thonig, Manfred"]
[Black "Fehres, Werner"]
[Result "1/2-1/2"]
[WhiteElo "1555"]
[BlackElo "1705"]
[PlyCount "37"]
[EventDate "2005.01.??"]
[Source "ChessOrg"]
[SourceDate "2005.02.28"]

1. f4 d5 2. Nf3 Nf6 3. e3 e6 4. b3 Bd6 5. Bb2 c6 6. Be2 Nbd7 7. d4 O-O 8. Ne5
Ne8 9. O-O f6 10. Nxd7 Bxd7 11. Nd2 Qe7 12. Nf3 Rd8 13. Bd3 f5 14. Ne5 Bc8 15.
Rf3 Nf6 16. Rh3 Bd7 17. Qe1 Be8 18. Be2 g6 19. Nf3 1/2-1/2

[Event "31.Alpenpokal Oberstdorf op"]
[Site "Tiefenbach (13.01.-21.01)"]
[Date "2005.01.21"]
[Round "9.24"]
[White "Miessner, Rolf"]
[Black "Heyse, Juergen"]
[Result "1/2-1/2"]
[WhiteElo "1554"]
[BlackElo "1553"]
[PlyCount "44"]
[EventDate "2005.01.??"]
[Source "ChessOrg"]
[SourceDate "2005.02.28"]

1. e4 c6 2. d4 d5 3. Nd2 g6 4. c3 Qb6 5. Ngf3 Bg4 6. Be2 Nd7 7. h3 Bxf3 8. Bxf3
e6 9. e5 Bg7 10. Nb3 Ne7 11. g4 O-O 12. O-O a5 13. Rb1 a4 14. Na1 Qc7 15. Be3
Kh8 16. Qd2 Ng8 17. Bg2 f6 18. f4 fxe5 19. fxe5 c5 20. Rxf8 Rxf8 21. Rf1 Rxf1+
22. Bxf1 c4 1/2-1/2

[Event "31.Alpenpokal Oberstdorf op"]
[Site "Tiefenbach (13.01.-21.01)"]
[Date "2005.01.21"]
[Round "9.25"]
[White "Ludwig, Ines"]
[Black "Mueller, Dieter[45Halle]"]
[Result "1-0"]
[WhiteElo "1521"]
[BlackElo "1451"]
[PlyCount "53"]
[EventDate "2005.01.??"]
[Source "ChessOrg"]
[SourceDate "2005.02.28"]

1. d4 d6 2. e4 Nf6 3. Bd3 g6 4. f4 Bg7 5. c3 c6 6. Nf3 b5 7. a3 a5 8. Qe2 O-O
9. O-O Bb7 10. e5 dxe5 11. fxe5 Nd5 12. Ng5 h6 13. Ne4 Na6 14. Nbd2 f5 15. exf6
exf6 16. Nf3 Re8 17. Qf2 f5 18. Ng3 Nac7 19. Bd2 Ne6 20. Ne5 Qf6 21. Rad1 f4
22. Ne4 Qd8 23. Nxg6 Ra7 24. Nxf4 Ndxf4 25. Bxf4 Rf8 26. Qg3 Nxf4 27. Rxf4 1-0

[Event "31.Alpenpokal Oberstdorf op"]
[Site "Tiefenbach (13.01.-21.01)"]
[Date "2005.01.21"]
[Round "9.26"]
[White "Luebbers, Doris,Dr."]
[Black "Poppitz, Joachim"]
[Result "1/2-1/2"]
[WhiteElo "1395"]
[BlackElo "1369"]
[PlyCount "33"]
[EventDate "2005.01.??"]
[Source "ChessOrg"]
[SourceDate "2005.02.28"]

1. d4 d5 2. Nf3 Nf6 3. e3 Bg4 4. Be2 e6 5. h3 Bh5 6. Ne5 Bxe2 7. Qxe2 Nbd7 8.
Nxd7 Qxd7 9. a3 c5 10. dxc5 Bxc5 11. b4 Be7 12. Bb2 O-O 13. O-O Ne4 14. Nd2 Nd6
15. c4 dxc4 16. Nxc4 Nxc4 17. Qxc4 1/2-1/2

[Event "31.Alpenpokal Oberstdorf op"]
[Site "Tiefenbach (13.01.-21.01)"]
[Date "2005.01.21"]
[Round "9.27"]
[White "Schulz, Hermann[35Ülzen]"]
[Black "Winter, Rudolf[29G.Gerau]"]
[Result "0-1"]
[WhiteElo "1565"]
[BlackElo "1654"]
[PlyCount "40"]
[EventDate "2005.01.??"]
[Source "ChessOrg"]
[SourceDate "2005.02.28"]

1. e4 c5 2. Nf3 Nc6 3. d4 cxd4 4. Nxd4 e5 5. Nf3 Nf6 6. Nc3 Bb4 7. Bd3 O-O 8.
O-O d6 9. Bg5 h6 10. Bxf6 Qxf6 11. Nd5 Qd8 12. Nxb4 Nxb4 13. Bc4 Bg4 14. c3 Nc6
15. Re1 Qf6 16. Re3 Rfd8 17. Qd3 Ne7 18. h3 Bh5 19. g4 Bg6 20. Rf1 d5 0-1

[Event "31.Alpenpokal Oberstdorf op"]
[Site "Tiefenbach (13.01.-21.01)"]
[Date "2005.01.21"]
[Round "9.28"]
[White "Gelzinnus, Siegfried"]
[Black "Wahl, Hedi"]
[Result "1-0"]
[WhiteElo "1515"]
[BlackElo "1364"]
[PlyCount "79"]
[EventDate "2005.01.??"]
[Source "ChessOrg"]
[SourceDate "2005.02.28"]

1. e4 g6 2. d4 d6 3. Nf3 Bg7 4. Bd3 Nf6 5. h3 O-O 6. c4 c6 7. Nc3 Nbd7 8. O-O
e5 9. d5 Nc5 10. Bc2 a5 11. Be3 Nfd7 12. a3 cxd5 13. cxd5 Rb8 14. b4 axb4 15.
axb4 Na6 16. b5 Nac5 17. Nd2 Nb6 18. g4 Bd7 19. Qe2 Qc8 20. Na4 Nbxa4 21. Bxa4
Nxa4 22. Rxa4 Qe8 23. Rb1 Ra8 24. Rxa8 Qxa8 25. Nc4 Qb8 26. Qa2 f5 27. Ba7 Qa8
28. gxf5 gxf5 29. Nxd6 f4 30. Kh2 Rf6 31. Qa3 Rh6 (31... Bf8 32. Bc5 Qxa3 33.
Bxa3 Bxd6) 32. Nf5 Bxf5 33. exf5 Rf6 34. Rg1 Qd8 35. Qd3 h6 36. Bc5 Qd7 37. d6
Kf7 38. Qd5+ Kf8 39. Ra1 Rxf5 40. Ra8+ 1-0